书目信息 |
| 题名: |
诗意栖居
|
|
| 作者: | 陈茂林 著 | |
| 分册: | ||
| 出版信息: | 杭州 浙江大学出版社 2009.07 |
|
| 页数: | 208页 | |
| 开本: | 23cm | |
| 丛书名: | 外国文学研究丛书 | |
| 单 册: | ||
| 中图分类: | I712.064 | |
| 科图分类: | ||
| 主题词: | ||
| 电子资源: | ||
| ISBN: | 978-7-308-06941-0 | |
| 000 | 01264nam 2200289 450 | |
| 001 | 012009532218 | |
| 005 | 20091128143456.12 | |
| 010 | @a978-7-308-06941-0@dCNY30.00 | |
| 100 | @a20091128d2009 em y0chiy0120 ea | |
| 101 | 0 | @achi@aeng |
| 102 | @aCN@b330000 | |
| 105 | @ay a 000yd | |
| 106 | @ar | |
| 200 | 1 | @a诗意栖居@Ashi yi xi ju@e亨利·大卫·梭罗的生态批评@d= Poetic dwelling@ean ecocritical study of henry david thoreau@f陈茂林著@Fchen mao lin zhu@zeng |
| 210 | @a杭州@c浙江大学出版社@d2009.07 | |
| 215 | @a208页@d23cm | |
| 225 | 2 | @a外国文学研究丛书@Awai guo wen xue yan jiu cong shu |
| 320 | @a有书目 (第159-203页) | |
| 330 | @a本书梳理、探讨了生态批评理论,把美国作家亨利·大卫·梭罗(1817—1862)放在生态批评的理论框架中,联系目前生态危机日益严重的现实语境,全面考察其生态思想的来源。系统而深入地透视、阐释其散文作品中体现的生态意蕴。 | |
| 410 | 0 | @12001 @a外国文学研究丛书 |
| 510 | 1 | @aPoetic dwelling@ean ecocritical study of henry david thoreau@zeng |
| 517 | 1 | @a亨利·大卫·梭罗的生态批评@Aheng li·da wei·suo luo de sheng tai pi ping |
| 600 | 1 | @a梭罗,@Asuo luo@f1817-1862@x文学研究@x英文 |
| 690 | @aI712.064@v4 | |
| 701 | 0 | @a陈茂林@Achen mao lin@4著 |
| 801 | 0 | @aCN@bQSSK@c20091128 |
| 905 | @b765904-06@dI712.064@eC513@f3 | |
| 诗意栖居:亨利·大卫·梭罗的生态批评= Poetic dwelling:an ecocritical study of henry david thoreau/陈茂林著.-杭州:浙江大学出版社,2009.07 |
| 208页;23cm.-(外国文学研究丛书) |
| ISBN 978-7-308-06941-0:CNY30.00 |
| 本书梳理、探讨了生态批评理论,把美国作家亨利·大卫·梭罗(1817—1862)放在生态批评的理论框架中,联系目前生态危机日益严重的现实语境,全面考察其生态思想的来源。系统而深入地透视、阐释其散文作品中体现的生态意蕴。 |
| ● |
| 相关链接 |
|
|
|
正题名:诗意栖居
索取号:I712.064/C513
 
预约/预借
| 序号 | 登录号 | 条形码 | 馆藏地/架位号 | 状态 | 备注 |
| 1 | 765904 | 207659041 | 社科二线422/116文学库 25排3列2层/ [索取号:I712.064/C513] | 在馆 | |
| 2 | 765905 | 207659050 | 文学库116/116文学库 25排3列2层/ [索取号:I712.064/C513] | 在馆 | |
| 3 | 765906 | 207659069 | 文学库116/116文学库 25排3列2层/ [索取号:I712.064/C513] | 在馆 |